Geography for business studies

Bibliographic Details
Main Author: Robinson, H.
Format: Book
Published: London : Macdonald and Evans Ltd , 1979
Edition:3rd ed
Subjects:

MARC

LEADER 00000cam a2200000 7i4500
001 0000001792
005 20050503.0
020 |a 0712107355 
040 |a INS 
090 0 0 |a HF1025.   |b R58 1979 
100 1 |a Robinson, H. 
245 1 0 |a Geography for business studies   |c H. Robinson 
250 |a 3rd ed 
260 |a London :   |b Macdonald and Evans Ltd ,   |c 1979 
300 |a xiii, 498p ;   |c 22cm. 
500 |a Includes index 
650 0 0 |a Geography, Commercial 
650 0 0 |a Geography, Economic 
999 |a 0000000429   |b BOOK   |c Open Shelf   |e Default branch